000 00832nam a2200253Ia 4500
003 OSt
005 20220923225334.0
006 a|||||r|||| 00| 0
007 ta
008 220922b |||||||| |||| 00| 0 hin d
024 _a263,629
037 _cTextual
040 _aARTS
_cARTS
_bhin
041 _2hin
_ahin
082 _aV2:51wN3, 152N9
100 _aगौतम, लक्ष्मणदत्त
245 0 _aभारत के का्रन्तिवीर
246 _aBhārat ke kārantivīra
260 _aदिल्ली
_b शांति पुस्तक मंदिर
_c1999
300 _a104पृ.
_ccm.
650 _aविश्व-इतिहास
942 _hV2:51wN3, 152N9
_cTEXL
_2CC
999 _c377625
_d377625